00648nam a2200181 a 450000100100000000500170001000800410002704000250006808200160009310000350010924500670014426000680021130000200027950400270029904900090032695201140033599900170044900002840420200930054927.0110408s1987 dr 000 0 spa d aDO-SdBNPbspacBNPHU axxxxbH557c1 aHernández R., Luis A.95535910aConfesión de fe y reglamento local /cLuis A. Hernández R. a[Santo Domingo] :bIglesia de Jesucristo Fuente de Amor,c1987. a58 p. ;c20 cm. aBibliografía : p. 55 aBNPD 0010718PDaPDbPDcCTd2011-04-08iLF1l0oxxxx H557cp28404-10r2020-06-25w2020-06-25yLFPDZNo se presta c27896d27896